[Event "Toronto Closed"]
[Site "Toronto CAN"]
[Date "1997.02.12"]
[Round "9"]
[White "Frilles, Ruperto"]
[Black "Livshits, Ron"]
[Result "0-1"]
[WhiteElo "2224"]
[BlackElo "2490"]
[PlyCount "122"]
[GameId "2160767911999536"]
[EventDate "1997.01.15"]
[EventType "tourn"]
[EventRounds "11"]
[EventCountry "CAN"]
[SourceTitle "EXT 97"]
[Source "ChessBase"]
[SourceDate "1997.11.17"]
[SourceVersion "1"]
[SourceVersionDate "1997.11.17"]
[SourceQuality "1"]

1. c4 c6 2. Nc3 d5 3. cxd5 cxd5 4. d4 Nf6 5. g3 Nc6 6. Bg2 Bg4 7. h3 Bh5 8. Nf3 e6 9. O-O Be7 10. Ne5 Qb6 11. g4 Bg6 12. Nxc6 Qxc6 13. Bf4 b5 14. Rc1 Qd7 15. Be5 O-O 16. e3 Rac8 17. Bxf6 Bxf6 18. f4 b4 19. Nxd5 exd5 20. f5 Bg5 21. Qd2 Rfe8 22. Rce1 Qe7 23. Rf3 Bxf5 24. gxf5 a5 25. Re2 h6 26. Rg3 Qd6 27. Rg4 Rc4 28. h4 Bf6 29. Bf1 Rc7 30. Reg2 Rce7 31. Bb5 Rc8 32. Bd3 Kf8 33. Kf1 Qc6 34. Kf2 Rce8 35. R2g3 h5 36. Rf4 Qd6 37. Kg2 Rc7 38. Qf2 Qe7 39. Qf3 Qd6 40. Qxh5 Ke7 41. Qf3 Rh8 42. e4 Bxd4 43. exd5 Be5 44. Re4 Kf8 45. Rgg4 Qxd5 46. Bc4 Qd6 47. Re1 Ra7 48. Rd1 Qf6 49. Qe4 Rh5 50. Rf1 Rd7 51. Bd5 Bxb2 52. Rf2 Bc3 53. Be6 Rd8 54. Re2 Kg8 55. Bd7 Qd6 56. Bc6 Bf6 57. Qf3 Qc5 58. Be4 Rxh4 59. Rxh4 Bxh4 60. Qh5 Bf6 61. Kf3 Qc3+ 0-1

[Event "Toronto Closed"]
[Site "Toronto CAN"]
[Date "1997.02.12"]
[Round "9"]
[White "Kret, Ted"]
[Black "Findlay, Ian"]
[Result "0-1"]
[WhiteElo "2294"]
[BlackElo "2391"]
[PlyCount "102"]
[GameId "2160767911999537"]
[EventDate "1997.01.15"]
[EventType "tourn"]
[EventRounds "11"]
[EventCountry "CAN"]
[SourceTitle "EXT 97"]
[Source "ChessBase"]
[SourceDate "1997.11.17"]
[SourceVersion "1"]
[SourceVersionDate "1997.11.17"]
[SourceQuality "1"]

1. d4 Nf6 2. c4 e6 3. Nc3 Bb4 4. e3 c5 5. Bd3 d5 6. Nge2 O-O 7. O-O cxd4 8. exd4 dxc4 9. Bxc4 b6 10. Bf4 Bb7 11. Qd3 Nbd7 12. Qh3 Rc8 13. Bd3 g6 14. Rfd1 a6 15. a3 Be7 16. Re1 b5 17. Bh6 Re8 18. Nf4 Bd6 19. Re3 e5 20. dxe5 Rxe5 21. Rae1 Qb6 22. Rxe5 Bxe5 23. Bf5 gxf5 24. Qxf5 Bxf4 25. Qxf4 Kh8 26. Re7 Qc6 27. Ne4 Re8 28. f3 Rxe7 29. Qg5 Ne8 30. Qxe7 Qe6 31. Qd8 Bxe4 32. fxe4 Qb6+ 33. Qxb6 Nxb6 34. Kf2 Nc4 35. Bc1 Ned6 36. Kf3 Ne5+ 37. Ke3 Nc6 38. e5 Nc4+ 39. Ke4 N6a5 40. Kd5 Nb3 41. Bg5 Nxb2 42. Kc6 Nc4 43. Kb7 a5 44. Ka6 Nxa3 45. Bh6 Kg8 46. h4 b4 47. Bf4 Kf8 48. g4 Ke7 49. h5 Ke6 50. h6 a4 51. Kb6 Nc2 0-1

[Event "Toronto Closed"]
[Site "Toronto CAN"]
[Date "1997.02.12"]
[Round "9"]
[White "McGarrett, Ian"]
[Black "Fiedler, Brian"]
[Result "1-0"]
[WhiteElo "2224"]
[BlackElo "2278"]
[PlyCount "27"]
[GameId "2160767911999538"]
[EventDate "1997.01.15"]
[EventType "tourn"]
[EventRounds "11"]
[EventCountry "CAN"]
[SourceTitle "EXT 97"]
[Source "ChessBase"]
[SourceDate "1997.11.17"]
[SourceVersion "1"]
[SourceVersionDate "1997.11.17"]
[SourceQuality "1"]

1. Nf3 Nf6 2. g3 b6 3. Bg2 Bb7 4. O-O e6 5. d3 d5 6. b3 Be7 7. Bb2 Nbd7 8. c4 dxc4 9. bxc4 O-O 10. Nc3 c5 11. a4 Qc7 12. a5 bxa5 13. Nb5 Qb6 14. Bc3 1-0

[Event "Toronto Closed"]
[Site "Toronto CAN"]
[Date "1997.02.12"]
[Round "9"]
[White "Ochkoos, Jura"]
[Black "Day, Lawrence"]
[Result "0-1"]
[WhiteElo "2329"]
[BlackElo "2510"]
[PlyCount "62"]
[GameId "2160767911999539"]
[EventDate "1997.01.15"]
[EventType "tourn"]
[EventRounds "11"]
[EventCountry "CAN"]
[SourceTitle "EXT 97"]
[Source "ChessBase"]
[SourceDate "1997.11.17"]
[SourceVersion "1"]
[SourceVersionDate "1997.11.17"]
[SourceQuality "1"]

1. e4 g6 2. d4 Bg7 3. c4 d6 4. Nc3 Nd7 5. Nf3 e5 6. Be2 Ngf6 7. O-O O-O 8. Re1 c6 9. h3 h6 10. Bf1 Re8 11. Be3 Qe7 12. Qd2 Kh7 13. Rad1 b6 14. g3 Bb7 15. Bg2 Rad8 16. Qc2 a6 17. dxe5 dxe5 18. a3 b5 19. Rd2 Nf8 20. Red1 Rxd2 21. Rxd2 N6d7 22. Bf1 Ne6 23. Qd1 Bc8 24. b4 Ndf8 25. Na2 f5 26. exf5 gxf5 27. Qc2 Ng6 28. cxb5 cxb5 29. Nc3 Bb7 30. Nd5 Qf7 31. Nb6 Bxf3 0-1

[Event "Toronto Closed"]
[Site "Toronto CAN"]
[Date "1997.02.12"]
[Round "9"]
[White "Veltmann, Martin"]
[Black "Nickoloff, Bryon"]
[Result "1/2-1/2"]
[WhiteElo "2241"]
[BlackElo "2499"]
[PlyCount "41"]
[GameId "2160767911999540"]
[EventDate "1997.01.15"]
[EventType "tourn"]
[EventRounds "11"]
[EventCountry "CAN"]
[SourceTitle "EXT 97"]
[Source "ChessBase"]
[SourceDate "1997.11.17"]
[SourceVersion "1"]
[SourceVersionDate "1997.11.17"]
[SourceQuality "1"]

1. d4 Nf6 2. c4 e6 3. Nc3 Bb4 4. e3 c5 5. Nf3 O-O 6. Bd3 d5 7. O-O b6 8. a3 Bxc3 9. bxc3 Ba6 10. cxd5 exd5 11. a4 Re8 12. Re1 Bxd3 13. Qxd3 Nc6 14. Ba3 cxd4 15. cxd4 Na5 16. Ne5 Nd7 17. Bb4 Nxe5 18. dxe5 Nc6 19. Bd6 Nxe5 20. Qxd5 Nc4 21. Qxc4 1/2-1/2

[Event "Toronto Closed"]
[Site "Toronto CAN"]
[Date "1997.02.12"]
[Round "9"]
[White "Williams, Paul"]
[Black "Zugic, Igor"]
[Result "1/2-1/2"]
[WhiteElo "2229"]
[BlackElo "2286"]
[PlyCount "80"]
[GameId "2160767911999541"]
[EventDate "1997.01.15"]
[EventType "tourn"]
[EventRounds "11"]
[EventCountry "CAN"]
[SourceTitle "EXT 97"]
[Source "ChessBase"]
[SourceDate "1997.11.17"]
[SourceVersion "1"]
[SourceVersionDate "1997.11.17"]
[SourceQuality "1"]

1. Nf3 Nf6 2. c4 c5 3. Nc3 Nc6 4. e3 e6 5. d4 d5 6. cxd5 Nxd5 7. Bc4 Nxc3 8. bxc3 Be7 9. O-O O-O 10. Bd3 b6 11. Qc2 g6 12. h4 f5 13. dxc5 Bxc5 14. e4 f4 15. e5 Qc7 16. Re1 Bb7 17. Re4 Na5 18. Bxf4 Bxe4 19. Bxe4 Rac8 20. Bg5 Qg7 21. Qc1 Rxf3 22. Bxf3 Qxe5 23. Qe1 Qxe1+ 24. Rxe1 Kf7 25. Rxe6 Kxe6 26. Bg4+ Kf7 27. Bxc8 Bd6 28. Kf1 Be5 29. Bd2 Nc4 30. Ke2 Nxd2 31. Kxd2 a5 32. Kd3 Bd6 33. Ba6 Bc5 34. Ke2 Kf6 35. Bc4 h6 36. f4 g5 37. hxg5+ hxg5 38. Kf3 gxf4 39. Kxf4 Kg7 40. Kf5 Bg1 1/2-1/2

[Event "Toronto Closed"]
[Site "Toronto CAN"]
[Date "1997.02.15"]
[Round "10"]
[White "Day, Lawrence"]
[Black "Frilles, Ruperto"]
[Result "1/2-1/2"]
[WhiteElo "2510"]
[BlackElo "2224"]
[PlyCount "65"]
[GameId "2160767911999542"]
[EventDate "1997.01.15"]
[EventType "tourn"]
[EventRounds "11"]
[EventCountry "CAN"]
[SourceTitle "EXT 97"]
[Source "ChessBase"]
[SourceDate "1997.11.17"]
[SourceVersion "1"]
[SourceVersionDate "1997.11.17"]
[SourceQuality "1"]

1. e4 c5 2. Nc3 Nc6 3. f4 g6 4. Nf3 Bg7 5. a3 d6 6. Bc4 e6 7. O-O Nge7 8. Qe1 O-O 9. d3 Nd4 10. Qf2 d5 11. Ba2 b6 12. Re1 Bb7 13. e5 Nxf3+ 14. Qxf3 Nf5 15. Rb1 Rc8 16. Bd2 h5 17. Qd1 a6 18. b4 c4 19. Ne2 d4 20. Bxc4 b5 21. Bb3 Nh4 22. Ng3 Bxg2 23. Qe2 Bh3 24. Qf2 Bg4 25. Re4 Qb6 26. Kf1 Nf3 27. c4 bxc4 28. dxc4 h4 29. Nh1 Qc6 30. Re2 Nxd2+ 31. Rxd2 Qxh1+ 32. Qg1 Qf3+ 33. Qf2 1/2-1/2

[Event "Toronto Closed"]
[Site "Toronto CAN"]
[Date "1997.02.15"]
[Round "10"]
[White "Fiedler, Brian"]
[Black "Veltmann, Martin"]
[Result "1/2-1/2"]
[WhiteElo "2278"]
[BlackElo "2241"]
[PlyCount "37"]
[GameId "2160767911999543"]
[EventDate "1997.01.15"]
[EventType "tourn"]
[EventRounds "11"]
[EventCountry "CAN"]
[SourceTitle "EXT 97"]
[Source "ChessBase"]
[SourceDate "1997.11.17"]
[SourceVersion "1"]
[SourceVersionDate "1997.11.17"]
[SourceQuality "1"]

1. d4 Nf6 2. c4 e6 3. g3 c5 4. Nf3 cxd4 5. Nxd4 Bb4+ 6. Nc3 Ne4 7. Qd3 Qa5 8. Ndb5 a6 9. Qxe4 axb5 10. Bd2 bxc4 11. Qxc4 Nc6 12. Rc1 O-O 13. a3 Bxc3 14. Bxc3 Qa4 15. e3 Qxc4 16. Bxc4 d5 17. Bb5 Bd7 18. O-O Rfd8 19. Be2 1/2-1/2

[Event "Toronto Closed"]
[Site "Toronto CAN"]
[Date "1997.02.15"]
[Round "10"]
[White "Findlay, Ian"]
[Black "Ochkoos, Jura"]
[Result "1/2-1/2"]
[WhiteElo "2391"]
[BlackElo "2329"]
[PlyCount "56"]
[GameId "2160767911999544"]
[EventDate "1997.01.15"]
[EventType "tourn"]
[EventRounds "11"]
[EventCountry "CAN"]
[SourceTitle "EXT 97"]
[Source "ChessBase"]
[SourceDate "1997.11.17"]
[SourceVersion "1"]
[SourceVersionDate "1997.11.17"]
[SourceQuality "1"]

1. e4 e5 2. Nf3 Nc6 3. Bb5 f5 4. Nc3 fxe4 5. Nxe4 Nf6 6. Nxf6+ gxf6 7. d4 Bg7 8. dxe5 O-O 9. exf6 Qxf6 10. Qd5+ Kh8 11. O-O d6 12. Bxc6 bxc6 13. Qxc6 Rb8 14. Qd5 Bb7 15. Qh5 Bxf3 16. Qxf3 Qxf3 17. gxf3 Rxf3 18. Kg2 Rf5 19. Re1 Bxb2 20. Rb1 Rg8+ 21. Kf1 Bxc1 22. Rbxc1 Rh5 23. Re7 Rxh2 24. Rce1 Rh4 25. R1e3 Rc4 26. Rf3 Rxc2 27. Rff7 Rc1+ 28. Ke2 Rb8 1/2-1/2

[Event "Toronto Closed"]
[Site "Toronto CAN"]
[Date "1997.02.15"]
[Round "10"]
[White "Livshits, Ron"]
[Black "Williams, Paul"]
[Result "1-0"]
[WhiteElo "2490"]
[BlackElo "2229"]
[PlyCount "77"]
[GameId "2160767911999545"]
[EventDate "1997.01.15"]
[EventType "tourn"]
[EventRounds "11"]
[EventCountry "CAN"]
[SourceTitle "EXT 97"]
[Source "ChessBase"]
[SourceDate "1997.11.17"]
[SourceVersion "1"]
[SourceVersionDate "1997.11.17"]
[SourceQuality "1"]

1. e4 c5 2. Nf3 Nc6 3. d4 cxd4 4. Nxd4 Nf6 5. Nc3 e5 6. Ndb5 d6 7. Bg5 a6 8. Na3 b5 9. Nd5 Be7 10. Bxf6 Bxf6 11. c3 Rb8 12. Nc2 Bg5 13. g3 O-O 14. Bg2 Be6 15. O-O Qd7 16. Qh5 h6 17. Qe2 Bxd5 18. exd5 Ne7 19. a4 bxa4 20. h4 Bf6 21. Nb4 Qb5 22. Rfe1 Rb6 23. Qe4 a5 24. Nd3 g6 25. Red1 Bg7 26. Qxa4 Rc8 27. Qxa5 f5 28. Nb4 f4 29. Qxb5 Rxb5 30. Bh3 Rc7 31. Ra6 fxg3 32. fxg3 e4 33. Rxd6 Kh7 34. Re6 Nf5 35. d6 Rd7 36. Bxf5 gxf5 37. Re7 Rbb7 38. Nd5 Kg8 39. Nc7 1-0

[Event "Toronto Closed"]
[Site "Toronto CAN"]
[Date "1997.02.15"]
[Round "10"]
[White "Nickoloff, Bryon"]
[Black "Kret, Ted"]
[Result "1-0"]
[WhiteElo "2499"]
[BlackElo "2294"]
[PlyCount "57"]
[GameId "2160767911999546"]
[EventDate "1997.01.15"]
[EventType "tourn"]
[EventRounds "11"]
[EventCountry "CAN"]
[SourceTitle "EXT 97"]
[Source "ChessBase"]
[SourceDate "1997.11.17"]
[SourceVersion "1"]
[SourceVersionDate "1997.11.17"]
[SourceQuality "1"]

1. c4 Nf6 2. Nc3 c5 3. g3 g6 4. Bg2 Bg7 5. e3 O-O 6. d4 Nc6 7. Nge2 Rb8 8. O-O a6 9. dxc5 Qa5 10. Na4 b5 11. cxb6 Qh5 12. Nd4 Qh6 13. e4 g5 14. Nf5 Qg6 15. c5 Re8 16. h4 Bh8 17. hxg5 d6 18. cxd6 exd6 19. Nh6+ Qxh6 20. gxh6 Ng4 21. Qxd6 Bd4 22. Kh1 Re6 23. Qc7 f5 24. Bf4 Bb7 25. Qd7 Bc8 26. Qd5 fxe4 27. Bxb8 Nxf2+ 28. Rxf2 Bxf2 29. b7 1-0

[Event "Toronto Closed"]
[Site "Toronto CAN"]
[Date "1997.02.15"]
[Round "10"]
[White "Zugic, Igor"]
[Black "McGarrett, Ian"]
[Result "1-0"]
[WhiteElo "2286"]
[BlackElo "2224"]
[PlyCount "69"]
[GameId "2160767911999547"]
[EventDate "1997.01.15"]
[EventType "tourn"]
[EventRounds "11"]
[EventCountry "CAN"]
[SourceTitle "EXT 97"]
[Source "ChessBase"]
[SourceDate "1997.11.17"]
[SourceVersion "1"]
[SourceVersionDate "1997.11.17"]
[SourceQuality "1"]

1. d4 Nf6 2. Nf3 e6 3. g3 c5 4. Bg2 Nc6 5. dxc5 Bxc5 6. O-O d5 7. b3 O-O 8. Bb2 d4 9. c3 e5 10. Nxe5 Nxe5 11. cxd4 Bb6 12. dxe5 Ng4 13. Qxd8 Rxd8 14. e3 Re8 15. Na3 Nxe5 16. Bxe5 Rxe5 17. Nc4 Re6 18. Rfd1 Bc7 19. Rac1 g6 20. Na3 Re7 21. Nb5 Bb6 22. h3 Be6 23. g4 Rb8 24. Kf1 f6 25. Bd5 Bxd5 26. Rxd5 Kg7 27. Ke2 a6 28. Na3 Kf7 29. Rcd1 Bc7 30. Nc4 Ke6 31. e4 b5 32. Ne3 Rb6 33. Rc5 Bd6 34. Rc2 Rc7 35. Rxd6+ 1-0

[Event "Toronto Closed"]
[Site "Toronto CAN"]
[Date "1997.02.19"]
[Round "11"]
[White "Frilles, Ruperto"]
[Black "Findlay, Ian"]
[Result "0-1"]
[WhiteElo "2224"]
[BlackElo "2391"]
[PlyCount "92"]
[GameId "2160767911999548"]
[EventDate "1997.01.15"]
[EventType "tourn"]
[EventRounds "11"]
[EventCountry "CAN"]
[SourceTitle "EXT 97"]
[Source "ChessBase"]
[SourceDate "1997.11.17"]
[SourceVersion "1"]
[SourceVersionDate "1997.11.17"]
[SourceQuality "1"]

1. c4 Nf6 2. Nc3 c5 3. g3 d5 4. cxd5 Nxd5 5. Bg2 Nc7 6. Nf3 Nc6 7. O-O e5 8. d3 Be7 9. Be3 O-O 10. Rc1 f6 11. Ne1 Nd4 12. Bd2 Bg4 13. f3 Be6 14. e3 Nc6 15. a3 Qd7 16. Ne4 b6 17. Nf2 Rad8 18. f4 exf4 19. gxf4 Bd5 20. e4 Be6 21. f5 Bf7 22. Bf4 Nb5 23. Kh1 Bd6 24. Nh3 Ne5 25. Rg1 Nd4 26. Bxe5 Bxe5 27. Bf1 Kh8 28. Ng2 g6 29. fxg6 Qxh3 30. g7+ Kg8 31. Nf4 Qh6 32. gxf8=Q+ Kxf8 33. Rg3 Bxf4 34. Rh3 Qg5 35. Rb1 Be6 36. b4 Bg4 37. Qe1 Bf3+ 38. Rxf3 Nxf3 39. Qf2 Be3 40. Qg2 Qxg2+ 41. Kxg2 Nd2 42. Rd1 Nxf1 43. Kxf1 Bf4 44. Ke2 Kf7 45. bxc5 bxc5 46. Rb1 Rb8 0-1

[Event "Toronto Closed"]
[Site "Toronto CAN"]
[Date "1997.02.19"]
[Round "11"]
[White "Kret, Ted"]
[Black "Veltmann, Martin"]
[Result "1-0"]
[WhiteElo "2294"]
[BlackElo "2241"]
[PlyCount "109"]
[GameId "2160767911999549"]
[EventDate "1997.01.15"]
[EventType "tourn"]
[EventRounds "11"]
[EventCountry "CAN"]
[SourceTitle "EXT 97"]
[Source "ChessBase"]
[SourceDate "1997.11.17"]
[SourceVersion "1"]
[SourceVersionDate "1997.11.17"]
[SourceQuality "1"]

1. d4 Nf6 2. c4 e6 3. Nc3 Bb4 4. e3 c5 5. Bd3 Nc6 6. Nge2 d6 7. O-O Bxc3 8. bxc3 O-O 9. e4 e5 10. d5 Ne7 11. Bg5 Nd7 12. Ng3 f6 13. Bd2 Ng6 14. Nf5 Nb6 15. Qg4 Kh8 16. Rfe1 Rf7 17. a4 Qf8 18. a5 Nd7 19. h4 Nf4 20. Bxf4 exf4 21. Qxf4 Ne5 22. Bf1 Bxf5 23. Qxf5 g6 24. Qh3 Qh6 25. Re3 Raf8 26. g3 f5 27. exf5 gxf5 28. f4 Ng4 29. Re6 Qg7 30. Rc1 Re7 31. Qg2 Rg8 32. Bd3 Rxe6 33. dxe6 Qf6 34. Qe2 Re8 35. Re1 Qxc3 36. Kg2 Qf6 37. e7 Nh6 38. Qe6 Kg7 39. Bc2 Ng8 40. Bxf5 Rxe7 41. Qxf6+ Kxf6 42. Rxe7 Nxe7 43. Bxh7 Nc6 44. a6 bxa6 45. h5 a5 46. Bc2 Nb4 47. Bb3 a4 48. Bxa4 d5 49. cxd5 Nxd5 50. Kf3 a5 51. g4 Nc3 52. g5+ Kf7 53. Bb3+ Kf8 54. h6 a4 55. Be6 1-0

[Event "Toronto Closed"]
[Site "Toronto CAN"]
[Date "1997.02.19"]
[Round "11"]
[White "McGarrett, Ian"]
[Black "Livshits, Ron"]
[Result "0-1"]
[WhiteElo "2224"]
[BlackElo "2490"]
[PlyCount "106"]
[GameId "2160767911999550"]
[EventDate "1997.01.15"]
[EventType "tourn"]
[EventRounds "11"]
[EventCountry "CAN"]
[SourceTitle "EXT 97"]
[Source "ChessBase"]
[SourceDate "1997.11.17"]
[SourceVersion "1"]
[SourceVersionDate "1997.11.17"]
[SourceQuality "1"]

1. Nf3 Nf6 2. c4 c6 3. Nc3 d5 4. d4 a6 5. e3 b5 6. c5 Bg4 7. h3 Bxf3 8. gxf3 Nbd7 9. f4 e6 10. a3 g6 11. Bg2 Nh5 12. O-O Ndf6 13. Bd2 Ng7 14. Ne2 Nf5 15. a4 Bg7 16. Nc1 O-O 17. Qe1 Nd7 18. Nb3 Qc7 19. axb5 axb5 20. Ba5 Qb7 21. Qd2 h6 22. Ra3 Bf6 23. Rfa1 Nh4 24. Nc1 g5 25. Nd3 Kh8 26. fxg5 Bxg5 27. f4 Be7 28. Kh2 Rg8 29. Bh1 Nf5 30. e4 Bh4 31. Ne5 Bg3+ 32. Rxg3 Nxg3 33. f5 Kh7 34. Nxf7 Nxf5 35. exf5 Qb8+ 36. Nd6 exf5 37. Qf4 Qf8 38. Bf3 Qf6 39. b4 Raf8 40. Re1 Qg6 41. h4 Kh8 42. Kh3 Nf6 43. Re7 Nh5 44. Qe5+ Ng7 45. Rc7 f4 46. Qe1 Ne6 47. Qe5+ Rf6 48. Nf7+ Kg7 49. Ng5+ Nxc7 50. Bxc7 Re8 51. h5 Rxe5 52. hxg6 Rxg5 53. Be5 Rg3+ 0-1

[Event "Toronto Closed"]
[Site "Toronto CAN"]
[Date "1997.02.19"]
[Round "11"]
[White "Ochkoos, Jura"]
[Black "Nickoloff, Bryon"]
[Result "0-1"]
[WhiteElo "2329"]
[BlackElo "2499"]
[PlyCount "46"]
[GameId "2160767911999551"]
[EventDate "1997.01.15"]
[EventType "tourn"]
[EventRounds "11"]
[EventCountry "CAN"]
[SourceTitle "EXT 97"]
[Source "ChessBase"]
[SourceDate "1997.11.17"]
[SourceVersion "1"]
[SourceVersionDate "1997.11.17"]
[SourceQuality "1"]

1. e4 c5 2. Nf3 d6 3. d4 cxd4 4. Qxd4 Nc6 5. Bb5 Bd7 6. Bxc6 Bxc6 7. Nc3 Nf6 8. Bg5 e6 9. O-O-O Be7 10. h4 Qa5 11. h5 h6 12. Bh4 Rc8 13. Nd2 b5 14. Nb3 Qc7 15. f3 O-O 16. g4 b4 17. Qxb4 d5 18. Qa5 Qf4+ 19. Kb1 dxe4 20. fxe4 Bxe4 21. Nxe4 Qxe4 22. Qxa7 Qxc2+ 23. Ka1 Ra8 0-1

[Event "Toronto Closed"]
[Site "Toronto CAN"]
[Date "1997.02.19"]
[Round "11"]
[White "Williams, Paul"]
[Black "Day, Lawrence"]
[Result "1-0"]
[WhiteElo "2229"]
[BlackElo "2510"]
[PlyCount "80"]
[GameId "2160767911999552"]
[EventDate "1997.01.15"]
[EventType "tourn"]
[EventRounds "11"]
[EventCountry "CAN"]
[SourceTitle "EXT 97"]
[Source "ChessBase"]
[SourceDate "1997.11.17"]
[SourceVersion "1"]
[SourceVersionDate "1997.11.17"]
[SourceQuality "1"]

1. Nf3 d6 2. d4 Nf6 3. c4 g6 4. Nc3 Bg7 5. e4 O-O 6. h3 c6 7. Bg5 Nbd7 8. Be2 a6 9. O-O h6 10. Be3 e5 11. dxe5 dxe5 12. c5 Qe7 13. b4 Rd8 14. Qc2 Nf8 15. Rfd1 N6d7 16. Rd6 a5 17. b5 Ne6 18. Rad1 Re8 19. bxc6 bxc6 20. Rxc6 Bb7 21. Nd5 Qf8 22. Rxe6 Rxe6 23. Nc7 Re7 24. c6 Bxc6 25. Qxc6 Rd8 26. Nd5 Re6 27. Qc4 a4 28. Qc2 Ra8 29. Nc7 Qc8 30. Rc1 Nf6 31. Nxa8 Qxa8 32. Qc8+ Qxc8 33. Rxc8+ Kh7 34. Nd2 Nd7 35. Rc7 Nf6 36. Rxf7 Rc6 37. Rb7 Ne8 38. Rb4 a3 39. Rc4 Rxc4 40. Nxc4 Bf8 1-0

[Event "Toronto Closed"]
[Site "Toronto CAN"]
[Date "1997.02.19"]
[Round "11"]
[White "Zugic, Igor"]
[Black "Fiedler, Brian"]
[Result "1-0"]
[WhiteElo "2286"]
[BlackElo "2278"]
[PlyCount "80"]
[GameId "2160767911999553"]
[EventDate "1997.01.15"]
[EventType "tourn"]
[EventRounds "11"]
[EventCountry "CAN"]
[SourceTitle "EXT 97"]
[Source "ChessBase"]
[SourceDate "1997.11.17"]
[SourceVersion "1"]
[SourceVersionDate "1997.11.17"]
[SourceQuality "1"]

1. d4 d5 2. Nf3 Bf5 3. g3 c6 4. Bg2 Nf6 5. O-O Nbd7 6. b3 e6 7. Bb2 Bd6 8. Nbd2 h6 9. c4 Qe7 10. h3 Ba3 11. Qc1 Bxb2 12. Qxb2 O-O 13. Rac1 Bh7 14. b4 Rfc8 15. a3 Ne4 16. Nb3 Nd6 17. Nfd2 Rab8 18. c5 Nf5 19. Rfe1 Nf6 20. Nf3 Ne4 21. Nbd2 Re8 22. e3 Nxd2 23. Qxd2 Rbd8 24. a4 Qc7 25. b5 Ne7 26. Bf1 Be4 27. Bg2 Ng6 28. Qb4 e5 29. Nd2 Bd3 30. b6 axb6 31. cxb6 Qd7 32. Nb3 Bc4 33. Nc5 Qc8 34. a5 Re7 35. Kh2 Rde8 36. Bf1 Qf5 37. Kg2 Bxf1+ 38. Rxf1 e4 39. Qd2 Ra8 40. Ra1 Nf8 1-0

[Event "Toronto Masters"]
[Site "Toronto CAN"]
[Date "1997.??.??"]
[Round "?"]
[White "Day, Lawrence"]
[Black "Jung, Hans"]
[Result "1-0"]
[WhiteElo "2367"]
[BlackElo "2196"]
[PlyCount "99"]
[GameId "2160767912007960"]
[EventDate "1997.??.??"]
[EventCountry "CAN"]

1. e4 e6 2. d3 d5 3. Qe2 dxe4 4. dxe4 b6 5. Nd2 Nc6 6. c3 e5 7. Qf3 Qf6 8. Bb5 Bd7 9. Qe2 Nb8 10. Bd3 Ne7 11. Nc4 Ng6 12. g3 Nc6 13. h4 h6 14. Ne3 O-O-O 15. b4 Nge7 16. Bb2 Nb8 17. Nf3 Bc6 18. Ng4 Qd6 19. O-O-O Qe6 20. Ngxe5 Rxd3 21. Qxd3 Ba4 22. Rd2 Qxa2 23. b5 f6 24. Nd7 Ng6 25. Nxf8 Rxf8 26. h5 Nh8 27. Nd4 Nf7 28. f4 Nd6 29. e5 fxe5 30. fxe5 Nc4 31. Re2 Nd7 32. e6 Nc5 33. Qb1 Nb3+ 34. Nxb3 Qxb3 35. e7 Re8 36. Qf5+ Kb8 37. Qd5 Bxb5 38. Rf1 Na5 39. Qd8+ Kb7 40. Rf8 Rxd8 41. exd8=Q Bxe2 42. Qc8+ Kc6 43. Qe8+ Kb7 44. Qxe2 Qa2 45. Qe4+ Ka6 46. Rf2 c5 47. Kd1 Nc4 48. Ke1 Ka5 49. Bc1 Qa4 50. Qb1 1-0

[Event "Toronto int."]
[Site "Toronto CAN"]
[Date "1997.05.16"]
[Round "1"]
[White "Boross-Harmer, Peter"]
[Black "Saleh, Maher"]
[Result "0-1"]
[WhiteElo "2044"]
[BlackElo "2368"]
[PlyCount "54"]
[GameId "2160767911965966"]
[EventDate "1997.05.16"]
[EventType "swiss"]
[EventRounds "7"]
[EventCountry "CAN"]

1. e4 Nf6 2. Nc3 d5 3. e5 Ne4 4. Nxe4 dxe4 5. f3 exf3 6. Nxf3 Nc6 7. c3 Bg4 8. d4 e6 9. Be2 Be7 10. O-O Qd7 11. Ne1 Bf5 12. Be3 O-O-O 13. b4 f6 14. b5 Nb8 15. Qa4 a6 16. Qb3 Be4 17. Nf3 axb5 18. Bxb5 Bc6 19. a4 Rhg8 20. Ra2 g5 21. Rb1 g4 22. Ne1 fxe5 23. dxe5 Bg5 24. Bd4 Bxb5 25. axb5 Qd5 26. Qc2 Rgf8 27. Ra8 Qxd4+ 0-1

[Event "Toronto int."]
[Site "Toronto CAN"]
[Date "1997.05.16"]
[Round "1"]
[White "Ciaffone, Robert"]
[Black "Nickoloff, Bryon"]
[Result "0-1"]
[WhiteElo "2305"]
[BlackElo "2475"]
[PlyCount "54"]
[GameId "2160767911965967"]
[EventDate "1997.05.16"]
[EventType "swiss"]
[EventRounds "7"]
[EventCountry "CAN"]

1. Nf3 d5 2. c4 e6 3. d4 Nf6 4. g3 dxc4 5. Bg2 Nc6 6. Qa4 Bb4+ 7. Bd2 Nd5 8. Qb5 Bxd2+ 9. Nfxd2 Ndb4 10. Qxc4 Qxd4 11. Qc1 Qe5 12. Nc4 Qh5 13. Nc3 Nd4 14. O-O Qxe2 15. Qg5 Qxc4 16. Qxg7 Rf8 17. Ne4 Nd5 18. Nf6+ Nxf6 19. Qxf6 Bd7 20. Rfd1 c5 21. b4 Qxb4 22. Rab1 Qc3 23. Qh6 Bc6 24. Bxc6+ bxc6 25. Rb7 O-O-O 26. Rdb1 Nb5 27. Qh4 Kxb7 0-1

[Event "Toronto int."]
[Site "Toronto CAN"]
[Date "1997.05.16"]
[Round "1"]
[White "Craggs, Michael"]
[Black "Salman, Nachum"]
[Result "0-1"]
[WhiteElo "1725"]
[BlackElo "2271"]
[PlyCount "50"]
[GameId "2160767911965968"]
[EventDate "1997.05.16"]
[EventType "swiss"]
[EventRounds "7"]
[EventCountry "CAN"]

1. d4 Nf6 2. Nf3 d5 3. Nbd2 c5 4. c3 Nc6 5. g3 cxd4 6. Nxd4 e5 7. Nxc6 bxc6 8. Bg2 Bc5 9. h3 O-O 10. e4 Qb6 11. O-O Ba6 12. exd5 Bxf1 13. Qxf1 cxd5 14. c4 Rad8 15. cxd5 Nxd5 16. Nc4 Qf6 17. Bd2 Nb6 18. Bc3 Nxc4 19. Qxc4 Bxf2+ 20. Kh2 Qg5 21. g4 Bd4 22. Rf1 Bxc3 23. Rf5 Qe3 24. bxc3 Rd2 25. Rf3 Qxf3 0-1

[Event "Toronto int."]
[Site "Toronto CAN"]
[Date "1997.05.16"]
[Round "1"]
[White "Heringer, Chris"]
[Black "Djerkovic, Miladin"]
[Result "1-0"]
[WhiteElo "2230"]
[BlackElo "2388"]
[PlyCount "49"]
[GameId "2160767911965970"]
[EventDate "1997.05.16"]
[EventType "swiss"]
[EventRounds "7"]
[EventCountry "CAN"]

1. d4 Nf6 2. c4 e6 3. Nc3 Bb4 4. e3 c5 5. Bd3 Nc6 6. Nge2 cxd4 7. exd4 d5 8. O-O O-O 9. c5 e5 10. Bg5 Bxc3 11. bxc3 Bg4 12. f3 Bh5 13. Qb1 h6 14. Qxb7 Rc8 15. Bh4 g5 16. Bg3 e4 17. Bb5 exf3 18. gxf3 Re8 19. Bxc6 Rxe2 20. Be5 Ne8 21. Bxd5 Nc7 22. Be4 Qd7 23. Rf2 Re3 24. c6 Qd8 25. Bf5 1-0